00835nac a22002177a 4500001001000000003000900010005001700019008003400036040005400070072000800124110008600132245013300218260003300351300001000384490010200394650002600496650002900522650002700551650003000578650000900608BR7307427BR-BrBNA20240105113550.0230509b bl.|||m| |||| 00| 0 por d aBR-BrBNAbporcBiblioteca Nacional de Agricultura aE301 aUnidade Regional de Supervisao Norte de Planejamento Agricola, Belem, PA (Brasil)1 aRelatorio trimestral de atividades outubro a dezembro/76 [Unidade Regional de Supervisao Norte de Planejamento Agricola; Brasil]3 aBelem, PA (Brasil): c1976.  a16 p. aRelatorio Trimestral - Unidade Regional de Supervisao Norte de Planejamento Agricola (Brazil)vx aPLANEJAMENTO AGRICOLA aDESENVOLVIMENTO AGRICOLA aPLANEJAMENTO ECONOMICO aDESENVOLVIMENTO ECONOMICO aPARA